| 000 | 00974nam a22003137a 4500 | ||
|---|---|---|---|
| 003 | CHAP | ||
| 005 | 20220329134314.0 | ||
| 008 | 971013s1932 r 00010 d | ||
| 010 | _a18456 | ||
| 011 | _a19428 | ||
| 035 | _a23513 | ||
| 040 | _cCHAP | ||
| 082 |
_a627.83 _bJ88 |
||
| 100 | 0 | 0 |
_aJustin, Joel D. _962548 |
| 245 | _aEarth dam projects | ||
| 260 |
_aNew York : _bWiley, _c1932 |
||
| 300 |
_a345 p. _b: ilus |
||
| 590 |
_aBATCH-UPD _b10 _c20130110 _lUCH01 _h1548 |
||
| 590 |
_aBATCH-UPD _b10 _c20130410 _lUCH01 _h0947 |
||
| 590 |
_aBATCH-UPD _b10 _c20130914 _lUCH01 _h1640 |
||
| 590 |
_aCONVERSION _b10 _c20130109 _lUCH01 _h1311 |
||
| 650 | 1 | 4 |
_aIngenierĂa hidrĂ¡ulica. _958235 |
| 650 | 1 | 4 |
_aPresas de tierra. _991510 |
| 901 | _aBK | ||
| 942 | _cLIBRO | ||
| 949 |
_a627.83 J88 _bBC _cBPP _d-54685 _eBPP _h19175 _i23513 _si |
||
| 949 |
_a627.83 J88 _bBC _cBPP _d-54687 _eBPP _fc.3 _h19177 _i23513 _si |
||
| 949 |
_a627.83 J88 _bBC _cBPP _d33724000023149 _eBPP _fc.2 _h19176 _i23513 _si |
||
| 999 |
_c18456 _d18456 |
||